| 000 | 00645nam a2200241 a 4500 | ||
|---|---|---|---|
| 001 | nice12345678 | ||
| 003 | IN_TiNIC | ||
| 005 | 20260116014529.0 | ||
| 008 | 110502s2011 dela grp 000 0 eng | ||
| 020 |
_a9788187358596 _c695 |
||
| 082 | 0 | 0 |
_a954.1632 _bKAR |
| 100 | _aKarlsson, Bengt G | ||
| 245 |
_aUnruly Hills _b Nature and Nation in India`s Northeast |
||
| 260 |
_aDelhi _bSocial Science Press _c2011 |
||
| 300 | _a334p | ||
| 500 | _aincludes index and biblioraphy | ||
| 505 | 2 | _abiblio, index | |
| 650 | _aNorth East India-Environment | ||
| 700 | 1 | _aKarlsson, Bengt G | |
| 902 | _bSRS | ||
| 942 | _cBK | ||
| 999 |
_c15812 _d15812 |
||